| 000 | 01425cam a22004098i 4500 | ||
|---|---|---|---|
| 001 | 21940714 | ||
| 003 | BJBSDDR | ||
| 005 | 20250807131157.0 | ||
| 007 | ta | ||
| 008 | 020224s2023 nyu 001 0 eng | ||
| 010 | _a 2021005693 | ||
| 020 | _a9781250849359 (paperback) | ||
| 020 | _a1250849357 (paperback) | ||
| 040 |
_aDLC _beng _erda _cBJBSDDR |
||
| 041 | _aeng | ||
| 042 | _apcc | ||
| 050 | 1 | 4 |
_aHD 69 _bB959f 2023 |
| 082 | 0 | 0 | _a650.1/1 |
| 100 | 1 |
_aBurkeman, Oliver, _d1975- _934186 |
|
| 245 | 1 | 0 |
_aFour thousand weeks : _btime management for mortals / _cOliver Burkeman. |
| 250 | _aFirst paperback edition | ||
| 264 | 1 |
_aNew York : _bPicador/Farrar, Straus, and Girous, _c2023. |
|
| 300 |
_ax, 287 pages ; _c21 cm. |
||
| 336 |
_atext _btxt _2rdacontent |
||
| 337 |
_aunmediated _bn _2rdamedia |
||
| 338 |
_avolume _bnc _2rdacarrier |
||
| 500 | _aIncludes index. | ||
| 505 | 0 | _aPart 1: Choosing to Choose-- Part 2: Beyond Control-- Afterword: Beyond Hope. | |
| 520 |
_a"A lively philosophical guide to time and time management, setting aside superficial efficiency solutions in favor of reckoning with and finding joy in the finitude of human life" -- _cProvided by publisher. |
||
| 650 | 0 | _aTime management. | |
| 650 | 4 |
_aGestión del tiempo _91100 |
|
| 650 | 0 | _aHappiness. | |
| 650 | 4 |
_aFelicidad _95294 |
|
| 650 | 4 |
_aEquilibrio _9674 _xTrabajo-vida. |
|
| 942 |
_2lcc _cBK |
||
| 946 | _irmza | ||
| 999 |
_c120617 _d120617 |
||